000 01167nam a2200265Ia 4500
003 OSt
005 20221005111936.0
006 a|||||r|||| 00| 0
007 ta
008 221004b |||||||| |||| 00| 0 hin d
020 _a9789380326405 (hbk)
_c600
024 _a102937
037 _b548, 19/03/2010, Eastern Book Linkers
_cTextual
040 _aCRL
_cCRL
_bhin
041 _2hin
_ahin
082 _aR66,5x1,1, 152Q0
100 _aगिरी, महेशानन्द
245 0 _aवेदान्त प्रबोध
_b प्रस्थानत्रयी शाšरभाष्य का तात्विकसार
246 _aVedānta prabodha: prasthānatrayī shāšrabhāṣhya kā tātvikasāra
260 _aवाराणसी
_bचौखम्बा सुरभारती प्रकाशन भारत
_c2010
300 _a272पृ0
_ccm.
490 _aचौखम्बा सुरभारती ग्रन्थमाला; 415
942 _hR66,5x1,1, 152Q0
_cTEXL
_2cc
999 _c1023368
_d1023368